| 000 | 00691nam a2200253Ia 4500 | ||
|---|---|---|---|
| 008 | 160901s9999 xx 000 0 und d | ||
| 020 | _a0-321-78996-5 | ||
| 050 | _aComSc QA 76.73 | ||
| 050 | _b.C153W45 2003 | ||
| 100 | _aWeiss, Mark Allen. | ||
| 245 | _aData structures and algorithm analysis in C++ / | ||
| 245 | _cMark Allen Weiss. | ||
| 250 | _a2nd Edition | ||
| 260 | _aUSA : | ||
| 260 | _bPearson Educ. Int'l. Inc., | ||
| 260 | _c2003 | ||
| 300 | _a588 pages : | ||
| 300 | _bill. ; | ||
| 300 | _c23 cm. | ||
| 500 | _aIncludes index. | ||
| 650 | _aC (Computer program language). | ||
| 650 | _aComputer algorithms. | ||
| 650 | _xData structures (Computer Science). | ||
| 999 |
_c300806 _d300806 |
||